|
|
|
|
| LEADER |
00000nab a2200000 a 4500 |
| 001 |
vtls009170817 |
| 003 |
SK-MaSNL |
| 005 |
20260303222101.0 |
| 008 |
140403c2007 xo |r|p|||||||000 b|slo |
| 015 |
|
|
|a SNBRB2008/01
|2 snkbucl
|
| 038 |
|
|
|a SNKBUCL
|
| 040 |
|
|
|a SNKBUCL
|b slo
|c SNKBUCL
|e AACR2
|
| 041 |
0 |
|
|a slo
|
| 044 |
|
|
|a xo
|c SK
|
| 080 |
|
|
|a 821.162.4-1
|2 2001
|
| 100 |
1 |
|
|a Archlebová, Tamara,
|d 1951-
|4 aut
|9 109883
|
| 245 |
1 |
0 |
|a Smrť Tomáša Petřivého ; Mile Haugovej
|c Tamara Archlebová
|
| 500 |
|
|
|a Datované (1986)
|
| 600 |
1 |
7 |
|a Petřivý, Tomáš,
|d 1955-1986
|2 snkbucl
|9 90059
|
| 600 |
1 |
7 |
|a Haugová, Mila,
|d 1942-
|2 snkbucl
|9 90543
|
| 655 |
|
7 |
|a slovenská poézia
|2 snkbucl
|9 70444
|
| 655 |
|
7 |
|a dedikačná poézia
|2 snkbucl
|9 240053
|
| 740 |
0 |
2 |
|a Mile Haugovej
|
| 773 |
0 |
|
|t Fragment
|g Roč. XXI, č. 1-2 (2007), s. 170-171
|x 1336-4316
|
| 852 |
|
|
|a SNK
|b KIS3GCP
|
| 958 |
|
|
|a LX
|
| 958 |
|
|
|a SK
|
| 999 |
|
|
|c 2238121
|d 2240051
|